| 000 | 00610nam a22002057a 4500 | ||
|---|---|---|---|
| 999 |
_c5856 _d5856 |
||
| 003 | AR-CdUCM | ||
| 008 | 190313b ||||| |||| 00| 0 spa d | ||
| 040 |
_aMUNICIPALIDAD PROVINCIAL DEL CUSCO _cBIBLIOTECA MUNICIPAL DEL CUSCO |
||
| 082 |
_a869.56 / _bM86 |
||
| 100 |
_aMoreno Jimeno, Manuel _915054 |
||
| 245 | _aLos malditos / | ||
| 260 |
_aLima : _bEnrique Bustamante y Ballivián, _c1937. |
||
| 300 |
_a58 páginas ; _c26 cm. |
||
| 500 | _aDonación de la familia Nietos | ||
| 650 |
_aPerú _943992 |
||
| 650 |
_aPoesía peruana _9806 |
||
| 650 |
_aSiglo XX _98 |
||
| 942 |
_2ddc _cLIBROS |
||
| 945 | _araen | ||